| 000 | 01084nam a22003257a 4500 | ||
|---|---|---|---|
| 001 | 15550674 | ||
| 003 | EG-ScBUE | ||
| 005 | 20220308101332.0 | ||
| 008 | 081210s2006 enk f 000 1 eng d | ||
| 020 | _a000721362x | ||
| 020 | _a9780007213627 | ||
| 040 |
_aDLC _beng _erda _cDLC _dEG-ScBUE |
||
| 082 | 0 | 4 |
_222 _a869.342 _bCOE |
| 100 | 1 |
_aCoelho, Paulo, _eauthor. _924372 |
|
| 245 | 1 | 4 |
_aThe zahir / _cPaulo Coelho ; translated from the Portuguese by Margaret Jull Costa. |
| 264 | 1 |
_aLondon : _bHarper Collins Publishers, _c2006. |
|
| 300 |
_a350 pages ; _c18 cm |
||
| 336 |
_2rdacontent _atext _btxt |
||
| 337 |
_2rdamedia _aunmediated _bn |
||
| 338 |
_2rdacarrier _avolume _bnc |
||
| 546 | _aText in English ; translated from the Portuguese. | ||
| 650 | 7 |
_924368 _aMissing persons _vFiction. _2BUEsh |
|
| 650 | 7 |
_924371 _aMarriage _vFiction. _2BUEsh |
|
| 651 | _2BUEsh | ||
| 653 |
_bHHUUEENN _cMarch2022 |
||
| 655 |
_aPsychological fiction. _vReading book _933706 |
||
| 700 | 1 |
_aCosta, Margaret Jull, _etranslator. _941318 |
|
| 942 |
_2ddc _cBB |
||
| 999 |
_c10462 _d10462 |
||